LEADER 01273nam a2200289 i 4500 001 000000197715 003 CaOOAMICUS 005 20110219000000.0 008 110219s1972 it u000 u ita u 013 $a176402 040 $aSeMil$bita 100 1 $aCerroni, Umberto.$0(OLS)http://semarc/name/30121 245 10$aMarx e il diritto moderno /$cUmberto Cerroni. 250 $a3. edizione riveduta e ampliata. 260 $aRoma :$bEditori Riuniti,$c1972 (copyr. 1962) 300 $a300 p. ;$c19 cm. 490 0 $aUniversale ;$v14 500 $aIn appendice : Prefazione all'edizione in lingua spagnola ; prefazione all'edizione jugoslava. 600 14$aHegel, Georg Wilhelm Friedrich <1770-1831>.$0(OLS)http://semarc/subject/3904 600 14$aMarx, Karl <1818-1883>.$0(OLS)http://semarc/subject/3189 600 14$aKelsen, Hans <1881-1973>.$0(OLS)http://semarc/subject/37076 650 4$aDiritto pubblico.$0(OLS)http://semarc/subject/847 830 0$aUniversale ;$v14.$0(OLS)http://semarc/title/7927 850 $aSeMil 852 $aSeMil$W1$xVenegono$y1$m3L I 180$j148271$B148271$CSeMilBibl$Z2$F159691 $81 996 $6245$aMarx e il diritto moderno$9(OLS)http://semarc/title/285544 996 $6260$aRoma :$bEditori Riuniti$9(OLS)http://semarc/publisher/30240 LEADER 01576nam a2200277 i 4500 001 000000058563 003 CaOOAMICUS 005 20260302145020.0 008 130515s1882 xx u000 u lat u 013 $a29735 040 $aSeMil$bita 110 2 $aArcidiocesi di Napoli.$0(OLS)http://semarc/name/29862 245 10$aPrima synodus dioecesana ab illustrissimo ac reverendissimo domino Gulielmo Sanfelicio o.s.b. archiepiscopo et patritio neapolitano celebrata diebus 4-5-6-7 iunii 1882. 260 $aNeapoli :$bEx Typographia Archiepiscopali,$c1882. 300 $aLIII, 200, 48 p., [1] c. di tav. :$bill. ;$c25 cm. 500 $aNota in cop.: Da Sua Eccellenza l'Arcivescovo di Napoli avuta il maggio 1883. 650 4$aSinodi diocesani - Napoli.$0(OLS)http://semarc/subject/11779 650 4$aSinodi diocesani - Sec. 19.$0(OLS)http://semarc/subject/1277 700 1 $aSanfelice, Guglielmo .$0(OLS)http://semarc/name/12947 850 $aSeMil 852 $aSeMil$W1$xVenegono$y1$m2J V 4 FA$j24716$B24716$CSeMilBibl$Z2$F24719 $8I 852 $aSeMil$W1$xVenegono$y1$m2J IV 33 FA$j53720$B53720$CSeMilBibl$Z2$F58354 $8I 961 $aLascito: Martini Card. Carlo Maria 996 $6245$aPrima synodus dioecesana ab illustrissimo ac reverendissimo domino Gulielmo Sanfelicio o.s.b. archiepiscopo et patritio neapolitano celebrata diebus 4-5-6-7 iunii 1882$9(OLS)http://semarc/title/91317 996 $6260$aNeapoli :$bEx Typographia Archiepiscopali$9(OLS)http://semarc/publisher/41945